An introduction to administrative law
Αποθηκεύτηκε σε:
| Κύριος συγγραφέας: | |
|---|---|
| Μορφή: | Βιβλίο |
| Γλώσσα: | Undetermined |
| Έκδοση: |
Oxford
Clarendon Press
2001
|
| Θέματα: | |
| Ετικέτες: |
Προσθήκη ετικέτας
Δεν υπάρχουν, Καταχωρήστε ετικέτα πρώτοι!
|
| Thư viện lưu trữ: | Trung tâm Học liệu Trường Đại học Cần Thơ |
|---|
| LEADER | 00527nam a2200205Ia 4500 | ||
|---|---|---|---|
| 001 | CTU_96944 | ||
| 008 | 210402s9999 xx 000 0 und d | ||
| 020 | |c 156000 | ||
| 082 | |a 342.73 | ||
| 082 | |b C221 | ||
| 100 | |a Cane, Peter | ||
| 245 | 3 | |a An introduction to administrative law | |
| 245 | 0 | |c Peter Cane | |
| 260 | |a Oxford | ||
| 260 | |b Clarendon Press | ||
| 260 | |c 2001 | ||
| 650 | |a Administrative law | ||
| 650 | |z United States | ||
| 904 | |i Vương | ||
| 980 | |a Trung tâm Học liệu Trường Đại học Cần Thơ | ||